Marketingové techniky v čase krízy - vymedzenie pojmu, podstata, princípy a odporúčania na realizáciu word of mouth marketingu
Vymedzenie pojmu WOM ( word of mouth marketing). Podstata a charakteristické črty WOM marketingu. Realizácia a princípy WOM. 21 odporúčaní na realizáciu WOM marketingu.
Salvato in:
| Autore principale: | |
|---|---|
| Natura: | Capitolo di libro |
| Lingua: | slovacco |
| Soggetti: | |
| Tags: |
Nessun Tag, puoi essere il primo ad aggiungerne!!
|
MARC
| LEADER | 00000naa a2200000 4500 | ||
|---|---|---|---|
| 001 | 0119546 | ||
| 005 | 20240502072331.1 | ||
| 041 | 0 | |a slo | |
| 044 | |a SK | ||
| 245 | 1 | 0 | |a Marketingové techniky v čase krízy - vymedzenie pojmu, podstata, princípy a odporúčania na realizáciu word of mouth marketingu |c Juraj Chebeň |
| 520 | |a Vymedzenie pojmu WOM ( word of mouth marketing). Podstata a charakteristické črty WOM marketingu. Realizácia a princípy WOM. 21 odporúčaní na realizáciu WOM marketingu. | ||
| 610 | 2 | 0 | |a marketing |
| 610 | 2 | 0 | |a kríza finančná |
| 610 | 2 | 0 | |a pojmy |
| 610 | 2 | 0 | |a stratégia marketingová |
| 610 | 2 | 0 | |a rozhodovanie |
| 610 | 2 | 0 | |a komunikácia marketingová |
| 610 | 2 | 0 | |a spotrebitelia |
| 610 | 2 | 0 | |a technológie informačné |
| 610 | 2 | 0 | |a technológie komunikačné |
| 100 | 1 | |a Chebeň, Juraj | |